000
00330nam a2200133Ia 4500
008
191014s9999 xx 000 0 und d
020
_a
3-540-07050-8
082
_a
530.12
_b
FLU
100
_a
S.Flugge
_9
20343
245
0
_a
practical Quantum Mechanics
260
_a
New York
_b
Springer
_c
1971
300
_a
Xv,287
942
_c
BK
999
_c
530917
_d
530917